000 00433nam a2200169Ia 4500
008 230524s9999 xx 000 0 und d
082 _a650.014
_bHIL
100 _aCharles W.L.Hill
245 0 _aStrategic Management : An Integrated Approach
250 _aIST
260 _aNEW DELHI
_bbiztantra
_c2009
300 _aXIX;517
500 _aQuantity Number: 2
650 _aManagement
700 _a Gareth R.Jones
942 _cBK
999 _c46871
_d46871